000 00490nam a2200181Ia 4500
005 20250508151421.0
008 008 250505s9999 xx 000 0 eng d
037 _aTextual
040 _aFEDL
_beng
_cFEDL
041 _aeng
_2eng
084 _aF, SLO
_qFEDL
100 _aSloop Mary T Martin
_9169616
245 0 _aMiracle in the hills
260 _aNew York, USA
_bMcGraw-Hill Book Company
_c1953
300 _a232p.
942 _cTEXL
_hF, SLO
999 _c1329651
_d1329651